<?xml version="1.0" encoding="UTF-8"?>
<record
    xmlns:xsi="http://www.w3.org/2001/XMLSchema-instance"
    xsi:schemaLocation="http://www.loc.gov/MARC21/slim http://www.loc.gov/standards/marcxml/schema/MARC21slim.xsd"
    xmlns="http://www.loc.gov/MARC21/slim">

  <leader>00419nam a22001217a 4500</leader>
  <controlfield tag="003">SGT</controlfield>
  <datafield tag="082" ind1=" " ind2=" ">
    <subfield code="a">200</subfield>
    <subfield code="b">R60A</subfield>
  </datafield>
  <datafield tag="100" ind1=" " ind2=" ">
    <subfield code="a">&#x906;&#x91A;&#x93E;&#x930;&#x94D;&#x92F;, &#x936;&#x94D;&#x930;&#x940;&#x930;&#x93E;&#x92E; &#x936;&#x930;&#x94D;&#x92E;&#x93E; </subfield>
  </datafield>
  <datafield tag="245" ind1=" " ind2=" ">
    <subfield code="a">&#x90B;&#x917;&#x94D;&#x935;&#x947;&#x926; &#x938;&#x939;&#x93F;&#x902;&#x924;&#x93E; : &#x938;&#x930;&#x932; &#x939;&#x93F;&#x902;&#x926;&#x940; &#x92D;&#x93E;&#x935;&#x93E;&#x930;&#x94D;&#x925; &#x938;&#x939;&#x93F;&#x924;</subfield>
  </datafield>
  <datafield tag="260" ind1=" " ind2=" ">
    <subfield code="b"> &#x92C;&#x94D;&#x930;&#x939;&#x94D;&#x92E;&#x935;&#x930;&#x94D;&#x91A;&#x938;&#x94D;&#x935; &#x92A;&#x94D;&#x930;&#x915;&#x93E;&#x936;&#x928; </subfield>
    <subfield code="c">1960</subfield>
  </datafield>
  <datafield tag="300" ind1=" " ind2=" ">
    <subfield code="a">415</subfield>
  </datafield>
  <datafield tag="942" ind1=" " ind2=" ">
    <subfield code="2">ddc</subfield>
    <subfield code="c">BK</subfield>
  </datafield>
  <datafield tag="952" ind1=" " ind2=" ">
    <subfield code="0">0</subfield>
    <subfield code="1">0</subfield>
    <subfield code="2">ddc</subfield>
    <subfield code="4">0</subfield>
    <subfield code="7">1</subfield>
    <subfield code="a">CL</subfield>
    <subfield code="b">CL</subfield>
    <subfield code="c">REF</subfield>
    <subfield code="d">2025-07-02</subfield>
    <subfield code="i">SGTU</subfield>
    <subfield code="o">200 R60A</subfield>
    <subfield code="p">CH3702</subfield>
    <subfield code="r">2025-07-02 00:00:00</subfield>
    <subfield code="w">2025-07-02</subfield>
    <subfield code="y">BK</subfield>
  </datafield>
  <datafield tag="952" ind1=" " ind2=" ">
    <subfield code="0">0</subfield>
    <subfield code="1">0</subfield>
    <subfield code="2">ddc</subfield>
    <subfield code="4">0</subfield>
    <subfield code="7">1</subfield>
    <subfield code="a">CL</subfield>
    <subfield code="b">CL</subfield>
    <subfield code="c">REF</subfield>
    <subfield code="d">2025-07-02</subfield>
    <subfield code="i">SGTU</subfield>
    <subfield code="o">200 R60A</subfield>
    <subfield code="p">CH3703</subfield>
    <subfield code="r">2025-07-02 00:00:00</subfield>
    <subfield code="w">2025-07-02</subfield>
    <subfield code="y">BK</subfield>
  </datafield>
  <datafield tag="952" ind1=" " ind2=" ">
    <subfield code="0">0</subfield>
    <subfield code="1">0</subfield>
    <subfield code="2">ddc</subfield>
    <subfield code="4">0</subfield>
    <subfield code="7">1</subfield>
    <subfield code="a">CL</subfield>
    <subfield code="b">CL</subfield>
    <subfield code="c">REF</subfield>
    <subfield code="d">2025-07-02</subfield>
    <subfield code="i">SGTU</subfield>
    <subfield code="o">200 R60A</subfield>
    <subfield code="p">CH3704</subfield>
    <subfield code="r">2025-07-02 00:00:00</subfield>
    <subfield code="w">2025-07-02</subfield>
    <subfield code="y">BK</subfield>
  </datafield>
  <datafield tag="952" ind1=" " ind2=" ">
    <subfield code="0">0</subfield>
    <subfield code="1">0</subfield>
    <subfield code="2">ddc</subfield>
    <subfield code="4">0</subfield>
    <subfield code="7">1</subfield>
    <subfield code="a">CL</subfield>
    <subfield code="b">CL</subfield>
    <subfield code="c">REF</subfield>
    <subfield code="d">2025-07-02</subfield>
    <subfield code="i">SGTU</subfield>
    <subfield code="o">200 R60A</subfield>
    <subfield code="p">CH3705</subfield>
    <subfield code="r">2025-07-02 00:00:00</subfield>
    <subfield code="w">2025-07-02</subfield>
    <subfield code="y">BK</subfield>
  </datafield>
  <datafield tag="999" ind1=" " ind2=" ">
    <subfield code="c">31717</subfield>
    <subfield code="d">31717</subfield>
  </datafield>
</record>
